| 000 | 00000nam 2200000za 4500 |
| 001 | 9.642071 |
| 003 | CaOODSP |
| 005 | 20210624223525 |
| 007 | cr ||||||||||| |
| 008 | 150407s1997 onc|||||o f|0| 0 fre d |
| 040 | |aCaOODSP|bfre |
| 043 | |an-cn--- |
| 086 | 1 |aL2-43/1998F-PDF |
| 110 | 1 |aCanada.|bDéveloppement des ressources humaines Canada.|bProgramme du travail. |
| 245 | 10|aÀ votre service - travail |h[ressource électronique]. |
| 260 | |aOttawa : |bDéveloppement des ressources humaines Canada, |cc1997. |
| 300 | |a18 p. |
| 500 | |aLe n° de catalogue (L2-43/1998) et l'ISBN (0-662-63392-X) de l'édition imprimée bilingue ont été incorrectement copiés dans l'édition électronique. |
| 590 | |a13-15-Supp|b2013-06-24 |
| 691 | 07|aEmploi|2gcpds |
| 691 | 07|aMilieu de travail|2gcpds |
| 691 | 07|aTravail|2gcpds |
| 775 | 08|tWorking for you - labour |w(CaOODSP)9.698075 |
| 776 | 0#|tWorking for you |w(CaOODSP)9.659897 |
| 776 | 0#|tA votre service |w(CaOODSP)9.659898 |
| 794 | |tÀ votre service |w(CaOODSP)9.631536 |
| 856 | 40|ahttp://publications.gc.ca|qPDF|s415 Ko|uhttps://publications.gc.ca/collections/Collection/L2-43-1998F.pdf |
| 986 | |aLT-061-02-98 |